LEADER 01477nam a2200229 i 4500 001 000000020101 003 CaOOAMICUS 005 20180830125444.0 008 180830s1907 it u000 u ita u 040 $aSeMil$bita 100 1 $aVermeersch, Arthur,$c.$0(OLS)http://semarc/name/2112 245 13$aDe religiosis institutis & personis tractatus canonico-moralis ad recentissimas leges exactus /$cArthuri Vermeersch e Soc. Iesu, Doctor iuris. 260 $aBrugis :$bBeyaert,$c1907-1910. 300 $a2 v. ;$c22 cm. 650 4$aDiritto canonico - Persone fisiche.$0(OLS)http://semarc/subject/3183 650 4$aDiritto canonico - Commentari, studi, critica e interpretazioni.$0(OLS)http://semarc/subject/1518 650 4$aDiritto canonico - Codice - Commentari, studi, critica e interpretazioni.$0(OLS)http://semarc/subject/329 773 0 $tPraelectiones canonicae.$dBrugis : Typis Houdmont fratrum, [1900?]-$w()20115 774 0 $aVermeersch, Arthur $tTomus prior ad usum scholarum.$bAltera editio, auctior et accuratior.$dRomae [etc.] : sumptibus Car. Beyaert, 1907.$w()174742 774 0 $aVermeersch, Arthur $tTomus alter.$bEditio quarta, auctior et accuratior.$dRomae [etc.] : sumptibus Car. Beyaert, 1909.$w()174744 996 $6245$aDe religiosis institutis & personis tractatus canonico-moralis ad recentissimas leges exactus$9(OLS)http://semarc/title/26470 996 $6260$aBrugis :$bBeyaert$9(OLS)http://semarc/publisher/35274 LEADER 01114nam a2200277 i 4500 001 000000111279 003 CaOOAMICUS 005 20080310000000.0 008 080310s1986 it u000 u ita u 013 $a83961 020 $a88-17-53121-9 040 $aSeMil$bita 100 1 $aBo, Vincenzo,$c.$0(OLS)http://semarc/name/1406 245 13$aLa religione sommersa /$cVincenzo Bo. 260 $aMilano :$bRizzoli,$c1986. 300 $a245 p. ;$c22 cm. 500 $aFondo Card. C.M. Martini. 650 4$aSuperstizione - Italia - Sec. 16.-19.$0(OLS)http://semarc/subject/19902 650 4$aReligiosità popolare - Italia - Sec. 16.-19.$0(OLS)http://semarc/subject/19903 650 4$aItalia - Usi e costumi - Sec. 16.-19.$0(OLS)http://semarc/subject/19904 850 $aSeMil 852 $aSeMil$W1$xVenegono$y1$m2R IV 43$j67114$B67114$CSeMilBibl$Z2$F97173 $81 941 1 $a4 996 $6020$a88-17-53121-9$9(OLS)http://semarc/number/93386 996 $6245$aLa religione sommersa$9(OLS)http://semarc/title/161928 996 $6260$aMilano :$bRizzoli$9(OLS)http://semarc/publisher/29824